Invitation to dynamical systems /

Guardado en:
Autor Principal: Scheinerman, Edward R.
Formato: Libro
Idioma:English
Publicado: Upper Saddle River, N.J. : Prentice Hall, c1996.
Materias:
Acceso en línea:Versión electrónica
Etiquetas: Agregar Etiqueta
Sin Etiquetas, Sea el primero en etiquetar este registro!
LEADER 01095cam a2200241 a 4500
001 MAT.inmabb003465
008 950425s1996####njuaf####b####001#0#eng##
005 20130402165444.0
245 1 0 |a Invitation to dynamical systems /  |c Edward R. Scheinerman. 
260 |a Upper Saddle River, N.J. :  |b Prentice Hall,  |c c1996. 
300 |a xvii, 373 p., [2] p. de láms. :  |b il. (algunas col.) ;  |c 25 cm. 
530 |a Disponible también en formatos PostScript y PDF en el sitio web del autor. 
504 |a Incluye referencias bibliográficas (p. 369-370) e índice. 
505 0 |a 1. Introduction -- 2. Linear systems -- 3. Nonlinear systems 1: fixed points -- 4. Nonlinear systems 2: periodicity and chaos -- 5. Fractals -- 6. Complex dynamical systems. 
020 |a 0131850008 
100 1 |a Scheinerman, Edward R. 
246 3 0 |a Dynamical systems 
650 0 |a Differentiable dynamical systems. 
084 |a 37-01 (28A80)  |2 msc2000 
010 |a  95011071  
040 |a DLC  |c DLC  |d DLC 
856 4 1 |u http://www.mts.jhu.edu/%7Eers/invite.html  |y Versión electrónica 
859 |h 37  |i Sc319  |p A-7693  |b BIB. MATEMATICA